Sanat: "Sairas karhunpoika" - Kipparikvartetti - Statistics

Yleistilastot
  • Tätä visaa on pelattu 50 kertaa
  • Keskiarvotulos 23 / 57
Vastaustilastot
Vastaus % Oikein
Karhunpoika
100%
sairastaa,
100%
hän
97%
häntä
97%
hellikäämme.
94%
nalle-ystäväämme.
77%
on,
74%
Lääkkehillä
69%
hoidelkaa
60%
Uni
60%
lääke
57%
paras
57%
Maito
54%
siitä
54%
nauttikaamme.
51%
lämpöinen
46%
tuore
46%
voisi?
46%
hyväks
43%
olla
43%
avun
40%
ehkä
40%
jo
40%
toisi?
40%
valkoinen,
37%
Vehnäkorppu
37%
aamuksi
29%
kaunis
29%
lauletaan,
29%
Laulu
29%
levitellään,
29%
matto
29%
saamme.
29%
hänen
26%
käymme
26%
kuntohon
26%
Nalle-raukan
26%
parahin,
26%
uinumaan,
26%
vierellensä.
26%
ei
23%
hellään.
23%
Patjaksensa
23%
peitteheksi
23%
toinenkin,
23%
kääritään
20%
univirreksensä.
20%
aamunkoi,
17%
Itse
17%
koittaa
17%
kunnes
17%
Vahtikoira
17%
vartioi,
17%
heitä.
14%
meitä,
14%
meitä
14%
uskollisna
11%
Ehtoja vastaavia visoja ei löytynyt
Tulosjakauma
Jokaisen tuloksen saaneiden osuus
Persentiili vastausten määrän mukaan
Tuloshistoriasi
Et ole pelannut tätä visaa